| 000 | 00381nam a2200133 a 4500 | ||
|---|---|---|---|
| 001 | 000031629 | ||
| 005 | 20200930063049.0 | ||
| 008 | 110628s1974 dr 000 0 spa d | ||
| 040 |
_aDO-SdBNP _bspa _cBNPHU |
||
| 245 | 0 | 0 | _aOrigen y evolución de la Universidad Autónoma de Santo Domingo. |
| 260 |
_a[Santo Domingo] : _bUASD, _c[1974]? |
||
| 300 |
_a11 p. ; _c22 cm. |
||
| 049 | _aBNPD | ||
| 999 |
_c31121 _d31121 |
||